000 00925nam a2200241Ia 4500
003 OSt
005 20220918111006.0
006 a|||||r|||| 00| 0
007 ta
008 220915b |||||||| |||| 00| 0 hin d
024 _a158876
037 _cReference Collections
040 _aARTS
_cARTS
_bhin
041 _2hin
_ahin
082 _aJ:(P152:4)k, 152K6.1-.2(RR)
100 _aपाण्डेय, वैद्य नाथ
_910371
245 0 _aकृषि कोश
246 _aKṛuṣhi kosha
260 _aपटना
_bबिहार राष्ट्रभाषा परिषद्
_c1966
700 _a शास्त्री, श्रुति देव
_910090
942 _hJ:(P152:4)k, 152K6.1-.2(RR)
_cREF
999 _c116230
_d116230